000 00680cam a2200229 4500500
005 20260405003032.0
041 _afre
042 _adc
100 1 0 _aPortevin, Catherine
_eauthor
245 0 0 _aMélancolie du pot de yaourt. Méditation sur les emballages
260 _c2020.
500 _a85
690 _aApparence
690 _aConsommation
690 _aEmballage
690 _aPackaging
690 _aPhilippe Garnier
690 _aSurface
690 _aYaourt
786 0 _nPhilosophie magazine | 137 | 3 | 2020-03-01 | p. 64-64 | 1951-1787
856 4 1 _uhttps://shs.cairn.info/magazine-philosophie-magazine-2020-3-page-64?lang=fr&redirect-ssocas=7080
999 _c2063762
_d2063762